Decision Support and Business Intelligence Systems (Record no. 69803)

000 -LEADER
fixed length control field 00794nam a22002177a 4500
003 - CONTROL NUMBER IDENTIFIER
control field NUST-PNEC
005 - DATE AND TIME OF LATEST TRANSACTION
control field 20170116181127.0
008 - FIXED-LENGTH DATA ELEMENTS--GENERAL INFORMATION
fixed length control field 140507b xxu||||| |||| 00| 0 eng d
020 ## - INTERNATIONAL STANDARD BOOK NUMBER
International Standard Book Number 8131724255
020 ## - INTERNATIONAL STANDARD BOOK NUMBER
International Standard Book Number 9788131724255
040 ## - CATALOGING SOURCE
Transcribing agency PNEC
082 ## - DEWEY DECIMAL CLASSIFICATION NUMBER
Classification number 658.403 TUR
100 ## - MAIN ENTRY--PERSONAL NAME
9 (RLIN) 90
Personal name Turban, Efraim
245 ## - TITLE STATEMENT
Title Decision Support and Business Intelligence Systems
Statement of responsibility, etc. Efraim Turban
250 ## - EDITION STATEMENT
Edition statement 8th ed.
260 ## - PUBLICATION, DISTRIBUTION, ETC.
Place of publication, distribution, etc. New Dehli
Name of publisher, distributor, etc. Pearson International Edition
Date of publication, distribution, etc. c.2007.
300 ## - PHYSICAL DESCRIPTION
Extent xxviii, 772 p. :
Other physical details ill. :
Dimensions 25 cm.
500 ## - GENERAL NOTE
General note Includes Index http://www.amazon.com/Decision-Support-Business-Intelligence-International/dp/B001KQSM26/ref=sr_1_1?s=books&ie=UTF8&qid=1399461100&sr=1-1&keywords=9788131724255
650 ## - SUBJECT ADDED ENTRY--TOPICAL TERM
General subdivision MIS
9 (RLIN) 13742
Topical term or geographic name entry element Management, Data Processing
942 ## - ADDED ENTRY ELEMENTS (KOHA)
Source of classification or shelving scheme
Koha item type Book
Holdings
Withdrawn status Lost status Source of classification or shelving scheme Damaged status Not for loan Permanent Location Current Location Shelving location Date acquired Total Checkouts Full call number Barcode Date last seen Price effective from Koha item type Date last checked out
          Pakistan Navy Engineering College (PNEC) Pakistan Navy Engineering College (PNEC)       658.403 TUR PNECLIB-030218 10/06/2015   Book  
          Pakistan Navy Engineering College (PNEC) Pakistan Navy Engineering College (PNEC)       658.403 TUR PNECLIB-030221 10/06/2015   Book  
          Pakistan Navy Engineering College (PNEC) Pakistan Navy Engineering College (PNEC)       658.403 TUR PNECLIB-030219 10/06/2015   Book  
          Pakistan Navy Engineering College (PNEC) Pakistan Navy Engineering College (PNEC)       658.403 TUR PNECLIB-028692 10/06/2015   Book  
          Pakistan Navy Engineering College (PNEC) Pakistan Navy Engineering College (PNEC)     2 658.403 TUR PNECLIB-030220 08/25/2016   Book 08/25/2016
© 2023 Central Library, National University of Sciences and Technology. All Rights Reserved.